书目信息 |
| 题名: |
高等数学基础教程
|
|
| 作者: | 张银生 , 安建业 主编 | |
| 分册: | ||
| 出版信息: | 北京 中国人民大学出版社 2004.08 |
|
| 页数: | 293页 | |
| 开本: | 23cm | |
| 丛书名: | 大学数学多媒体系列教材 | |
| 单 册: | ||
| 中图分类: | O13 | |
| 科图分类: | ||
| 主题词: | 高等数学--gao deng shu xue--高等教育--教材 | |
| 电子资源: | ||
| ISBN: | 978-7-300-05893-1 | |
| 000 | 01047nam 2200289 450 | |
| 001 | 012008285290 | |
| 005 | 20080422090639.26 | |
| 010 | @a978-7-300-05893-1@dCNY35.00 (含光盘) | |
| 010 | @a978-7-900693-84-6@b光盘 | |
| 100 | @a20080421d2004 em y0chiy0120 ea | |
| 101 | 0 | @achi |
| 102 | @aCN@b110000 | |
| 105 | @ay a 000yy | |
| 106 | @ar | |
| 200 | 1 | @a高等数学基础教程@Agao deng shu xue ji chu jiao cheng@f张银生, 安建业主编@Fzhang yin sheng,an jian ye zhu bian |
| 210 | @a北京@c中国人民大学出版社@d2004.08 | |
| 215 | @a293页@d23cm@e光盘1片 | |
| 225 | 2 | @a大学数学多媒体系列教材@Ada xue shu xue duo mei ti xi lie jiao cai |
| 320 | @a有书目 | |
| 330 | @a本书注重概念与定理的直观描述和实际背景介绍,讲述了函数与极限、导数与微分、微分学的定理及应用等内容。 | |
| 410 | 0 | @12001 @a大学数学多媒体系列教材 |
| 606 | 0 | @a高等数学@Agao deng shu xue@x高等教育@j教材 |
| 690 | @aO13@v4 | |
| 701 | 0 | @a张银生@Azhang yin sheng@4主编 |
| 701 | 0 | @a安建业@Aan jian ye@4主编 |
| 801 | 0 | @aCN@bQSSK@c20080422 |
| 905 | @b294311-13@dO13@eZ236@f3 | |
| 高等数学基础教程/张银生, 安建业主编.-北京:中国人民大学出版社,2004.08 |
| 293页;23cm+光盘1片.-(大学数学多媒体系列教材) |
| ISBN 978-7-300-05893-1:CNY35.00 (含光盘) |
| 本书注重概念与定理的直观描述和实际背景介绍,讲述了函数与极限、导数与微分、微分学的定理及应用等内容。 |
| ● |
| 相关链接 |
|
|
|
正题名:高等数学基础教程
索取号:O13/Z236
 
预约/预借
| 序号 | 登录号 | 条形码 | 馆藏地/架位号 | 状态 | 备注 |
| 1 | 294311 | 202943119 | 自科库401/401自科库 108排1列1层/ [索取号:O13/Z236] | 在馆 | |
| 2 | 294312 | 202943128 | 自科库401/401自科库 108排1列1层/ [索取号:O13/Z236] | 在馆 | |
| 3 | 294313 | 202943137 | 自科库401/401自科库 108排1列1层/ [索取号:O13/Z236] | 在馆 |